| 000 | 00416 a2200157 4500 | ||
|---|---|---|---|
| 020 | _a9789350041109 | ||
| 082 | _a005.276 | ||
| 090 |
_c7038 _d7038 |
||
| 100 | _aEsposito, Dino | ||
| 245 |
_aProgramming microsoft ASP.NET 4 _cDino Esposito |
||
| 260 |
_aIndia _bDreamtec Press _c2011 |
||
| 300 | _a965 p. | ||
| 650 | _aWeb site development--Internet programming | ||
| 700 | _aDino Esposito | ||
| 942 |
_cBK _k005.276 ESP |
||
| 999 |
_c10847 _d10847 |
||